Scholar Extraordinary: the life of Professor the Rt. Hon. Friedrich Maxmuller (Record no. 416616)

000 -LEADER
fixed length control field 00453cam a22001337a 4500
008 - FIXED-LENGTH DATA ELEMENTS--GENERAL INFORMATION
fixed length control field 180718b1974 xxu||||| |||| 00| 0 eng d
082 ## - DEWEY DECIMAL CLASSIFICATION NUMBER
Classification number A99 M45 C393
100 ## - MAIN ENTRY--PERSONAL NAME
Personal name Chaudhuri, Nirad C.
245 ## - TITLE STATEMENT
Title Scholar Extraordinary: the life of Professor the Rt. Hon. Friedrich Maxmuller
Statement of responsibility, etc. by Nirad C. Chaudhuri
260 ## - PUBLICATION, DISTRIBUTION, ETC.
Place of publication, distribution, etc. Delhi
Name of publisher, distributor, etc. Oxford
Date of publication, distribution, etc. 1974
300 ## - PHYSICAL DESCRIPTION
Extent 393p
650 ## - SUBJECT ADDED ENTRY--TOPICAL TERM
Topical term or geographic name entry element Asianists -Germany -Biography.
650 ## - SUBJECT ADDED ENTRY--TOPICAL TERM
Topical term or geographic name entry element Muller, F. Max (Friedrich Max), 1823-1900
Holdings
Withdrawn status Lost status Damaged status Not for loan Permanent Location Current Location Date acquired Full call number Barcode Date last seen Price effective from Koha item type
        Indian Institute of Public Administration Indian Institute of Public Administration 2009-03-17 A99 M45 C393 49638 2018-07-21 2018-07-21 Book

Powered by Koha